<?xml version="1.0" encoding="UTF-8"?>
<collection xmlns="http://www.loc.gov/MARC21/slim">
    <record>
        <controlfield tag="001">65542</controlfield>
        <controlfield tag="005">20180219131717.0</controlfield>
        <datafield tag="037" ind1=" " ind2=" ">
            <subfield code="a">TAZ-TFG-2017-780</subfield>
        </datafield>
        <datafield tag="041" ind1=" " ind2=" ">
            <subfield code="a">spa</subfield>
        </datafield>
        <datafield tag="100" ind1="1" ind2=" ">
            <subfield code="a">Sazatornil Escuer, Marina</subfield>
        </datafield>
        <datafield tag="242" ind1="0" ind2="0">
            <subfield code="a">Current indications of growth hormone replacement therapy in children</subfield>
        </datafield>
        <datafield tag="245" ind1="0" ind2="0">
            <subfield code="a">Indicaciones actuales del tratamiento sustitutivo con hormona de crecimiento en niños</subfield>
        </datafield>
        <datafield tag="260" ind1=" " ind2=" ">
            <subfield code="a">Zaragoza</subfield>
            <subfield code="b">Universidad de Zaragoza</subfield>
            <subfield code="c">2017</subfield>
        </datafield>
        <datafield tag="500" ind1=" " ind2=" ">
            <subfield code="a">Resumen disponible también en inglés.</subfield>
        </datafield>
        <datafield tag="506" ind1=" " ind2=" ">
            <subfield code="a">by-nc-sa</subfield>
            <subfield code="b">Creative Commons</subfield>
            <subfield code="c">3.0</subfield>
            <subfield code="u">http://creativecommons.org/licenses/by-nc-sa/3.0/</subfield>
        </datafield>
        <datafield tag="520" ind1=" " ind2=" ">
            <subfield code="a">En esta revisión hemos realizado una recopilación de todas las indicaciones de la hormona de crecimiento aprobadas en España en la actualidad. La introducción de la hormona de crecimiento humana recombinante en 1985, y el aumento de su disponibilidad prácticamente ilimitada, acompañada de unos efectos adversos mínimos, ha supuesto un aumento del espectro terapéutico y un aumento de las indicaciones a lo largo del tiempo; comenzando por pacientes que tenían una deficiencia de hormona de crecimiento total, hasta incluir a pacientes como el síndrome de Turner, el síndrome de Prader-Willi, la insuficiencia renal, pequeños para la edad gestacional y deficiencia del gen SHOX. El objetivo del tratamiento es mejorar la talla de estos pacientes. A pesar de que ahora la hormona de crecimiento es un recurso “ilimitado”, es muy importante que exista una relación coste-beneficio y beneficio-riesgo que justifique su empleo, ya que a pesar de que casi carece de efectos adversos, éstos existen y se debe extremar la precaución sobre su uso indiscriminado.</subfield>
        </datafield>
        <datafield tag="521" ind1=" " ind2=" ">
            <subfield code="a">Graduado en Medicina</subfield>
        </datafield>
        <datafield tag="540" ind1=" " ind2=" ">
            <subfield code="a">Derechos regulados por licencia Creative Commons</subfield>
        </datafield>
        <datafield tag="700" ind1=" " ind2=" ">
            <subfield code="a">Garagorri Otero, Jesús María</subfield>
            <subfield code="e">dir.</subfield>
        </datafield>
        <datafield tag="710" ind1="2" ind2=" ">
            <subfield code="a">Universidad de Zaragoza</subfield>
            <subfield code="b">Pediatría, Radiología y Medicina Física</subfield>
            <subfield code="c">Pediatría</subfield>
        </datafield>
        <datafield tag="856" ind1="0" ind2=" ">
            <subfield code="f">650623@celes.unizar.es</subfield>
        </datafield>
        <datafield tag="856" ind1="4" ind2=" ">
            <subfield code="s">1136336</subfield>
            <subfield code="u">http://zaguan.unizar.es/record/65542/files/TAZ-TFG-2017-780.pdf</subfield>
            <subfield code="y">Memoria (spa)</subfield>
        </datafield>
        <datafield tag="909" ind1="C" ind2="O">
            <subfield code="o">oai:zaguan.unizar.es:65542</subfield>
            <subfield code="p">driver</subfield>
            <subfield code="p">trabajos-fin-grado</subfield>
        </datafield>
        <datafield tag="950" ind1=" " ind2=" ">
            <subfield code="a"></subfield>
        </datafield>
        <datafield tag="951" ind1=" " ind2=" ">
            <subfield code="a">deposita:2018-02-17</subfield>
        </datafield>
        <datafield tag="980" ind1=" " ind2=" ">
            <subfield code="a">TAZ</subfield>
            <subfield code="b">TFG</subfield>
            <subfield code="c">MED</subfield>
        </datafield>
    </record>

    
</collection>